| 000 | 00435nam a2200181Ia 4500 | ||
|---|---|---|---|
| 001 | 13557 | ||
| 005 | 20260306164810.0 | ||
| 008 | 260306t1999||||xx |||||||||||||| ||spa|| | ||
| 041 | _aESP | ||
| 082 |
_a004.6 _bB61 |
||
| 100 |
_aBlack, Uyless _eAUT |
||
| 245 | 0 | _aTecnologĂas emergentes para redes de computadoras | |
| 260 | _c1999 | ||
| 300 |
_a480 páginas : _c |
||
| 650 | _aGEN | ||
| 654 | _aCCC | ||
| 942 |
_cLIB _dJUS _fJUS _2ddc _n |
||
| 999 |
_c13557 _d13557 |
||